Members of Radiohead - Statistics

General Stats
  • This quiz has been taken 359 times
  • The average score is 10 of 15
Answer Stats
Name % Correct
Thom
100%
Yorke
98%
Jonny
94%
Greenwood
93%
Ed
86%
Colin
82%
Philip
82%
O'Brien
79%
Selway
73%
Nigel
47%
Godrich
43%
Stanley
36%
Donwood
34%
Clive
22%
Deamer
18%
No matching quizzes found
Score Distribution
Percent of People with Each Score
Percentile by Number Answered
Your Score History
You have not taken this quiz